Trattato della compra-vendita civile e commerciale / (Record no. 70940)

MARC details
000 -LEADER
campo de control de longitud fija 00557nam a2200181 i 4500
001 - NÚMERO DE CONTROL
campo de control 70940
003 - IDENTIFICADOR DE NÚMERO DE CONTROL
campo de control ES-MaACL
005 - FECHA Y HORA DE LA ÚLTIMA TRANSACCIÓN
campo de control 20230906170955.0
007 - CAMPO FIJO DE DESCRIPCIÓN FÍSICA--INFORMACIÓN GENERAL
campo de control de longitud fija t|
008 - DATOS DE LONGITUD FIJA--INFORMACIÓN GENERAL
campo de control de longitud fija 040804s1914 it ||||1| ita d
100 1# - ENTRADA PRINCIPAL--NOMBRE DE PERSONA
Nombre de persona Gasca, Cesare Luigi.
9 (RLIN) 55834
245 10 - MENCIÓN DEL TÍTULO
Título Trattato della compra-vendita civile e commerciale /
Mención de responsabilidad, etc. Cesare Luigi Gasca.
250 ## - MENCION DE EDICION
Mención de edición 2ª ed. notevolmente accresciuta.
260 ## - PUBLICACIÓN, DISTRIBUCIÓN, ETC.
Lugar de publicación, distribución, etc. Torino :
Nombre del editor, distribuidor, etc. [s.n.,
Fecha de publicación, distribución, etc. 1914] (
Fabricante Unione Tipográfico-Elitrice Torinese)
300 ## - DESCRIPCIÓN FÍSICA
Extensión 1059 p. ;
Dimensiones 24 cm.
500 ## - NOTA GENERAL
Nota general Es el t. 1.
852 ## - LOCALIZACIÓN
Ubicación ES-MaACL
Número de control de estantería B-13105
Holdings
Estatus retirado Estado de pérdida Estado de daño No para préstamo Biblioteca de origen Biblioteca actual Ubicación en estantería Fecha de adquisición Fuente de adquisición Total de préstamos Signatura topográfica completa Código de barras Visto por última vez Precio de reemplazo Tipo de ítem Koha
        Biblioteca del Ateneo de Madrid Biblioteca del Ateneo de Madrid Sala Pardo Bazán 17/01/2008     B-13105 1074287 23/02/2023 23/02/2023 Libro impreso